|
|
|
|
| LEADER |
00771nam a22002172a 4500 |
| 001 |
001390038 |
| 003 |
CZ BrMZK |
| 005 |
20140702095421.0 |
| 007 |
ta |
| 008 |
140526s1961 xo f er|||||||||||slo d |
| 040 |
|
|
|a ABA001
|b cze
|c ABA001
|d ABA001
|d BOA001
|
| 100 |
1 |
|
|a Paška, Pavel,
|d 1917-2013
|7 mzk2002144649
|4 aut
|
| 245 |
1 |
0 |
|a Bojujúca kultúra :
|b príspevok k dejinám robotníckej kultúry na východnom Slovensku /
|c Pavol Paška
|
| 250 |
|
|
|a 1. vyd.
|
| 260 |
|
|
|a Košice :
|b Krajské nakladateľstvo všeobecnej literatúry,
|c 1961
|
| 300 |
|
|
|a 118 s., příl. ;
|c 8°
|
| 504 |
|
|
|a Obsahuje bibliografii
|
| 910 |
|
|
|a BOA001
|b 2-0464.261
|
| 990 |
|
|
|a BK
|
| 991 |
|
|
|b 201405
|
| 996 |
7 |
|
|b 2619072183
|c 2-0464.261
|l MZK
|r Sklad / do 24 hodin
|n 1
|w 001425013
|u 000010
|a 1
|e BOA001
|j MZK50
|s A
|